[Event "Eastman Gent Open 2018"]
[Site "KGSRL Gent"]
[Date "2018.07.17"]
[Round "8.12"]
[White "Hunhdorf, Arnold"]
[Black "Boog, Ben"]
[Result "1-0"]
[WhiteElo "2234"]
[BlackElo "2130"]
[PlyCount "123"]
[EventDate "2018.??.??"]

1. d4 f5 2. g3 e6 3. Bg2 Nf6 4. Nf3 d5 5. c4 c6 6. O-O Bd6 7. Qc2 O-O 8. Ne5
Bxe5 9. dxe5 Ng4 10. f4 Qb6+ 11. c5 Qb4 12. Rd1 Nd7 13. h3 Nh6 14. Be3 Qa5 15.
Nd2 Qd8 16. Nf3 Nf7 17. Nd4 Qe7 18. b4 a6 19. Rac1 g5 20. Bf2 Kh8 21. a4 Rg8
22. Kh2 Nf8 23. b5 axb5 24. axb5 Bd7 25. bxc6 Bxc6 26. Ra1 Ng6 27. e3 Rgc8 28.
Be1 Qd7 29. Qb2 Kg8 30. Rxa8 Rxa8 31. Ra1 Rxa1 32. Qxa1 Qc8 33. Qa7 h5 34. Bf3
g4 35. Be2 Ne7 36. Qb6 Qd7 37. Ba5 Nc8 38. Qc7 Kf8 39. Qb8 Ke7 40. Bc7 Kf8 41.
Bd6+ Kg7 42. Bd3 Nh6 43. h4 Kf7 44. Kg1 Kg6 45. Kf2 Kf7 46. Ke1 Ba4 47. Kd2 Bc6
48. Kc3 Ba4 49. Kb4 Bc6 50. Ka5 Qd8+ 51. Bc7 Qd7 52. Bb5 Ng8 53. Bd6 Bxb5 54.
Nxb5 Nge7 55. Bxe7 Kxe7 56. Nd6 Nxd6 57. exd6+ Kf7 58. Qc7 Ke8 59. Kb6 Qc6+ 60.
Qxc6+ bxc6 61. Kxc6 d4 62. exd4 1-0

[Event "Eastman Gent Open 2018"]
[Site "KGSRL Gent"]
[Date "2018.07.17"]
[Round "8.13"]
[White "Van Mechelen, Jan"]
[Black "Becx, Cesar"]
[Result "1-0"]
[WhiteElo "2257"]
[BlackElo "2107"]
[PlyCount "127"]
[EventDate "2018.??.??"]

1. d4 f5 2. e3 Nf6 3. c4 d6 4. Nc3 g6 5. Be2 Bg7 6. h4 h6 7. Nh3 e5 8. dxe5
dxe5 9. Qxd8+ Kxd8 10. b3 g5 11. hxg5 hxg5 12. Ba3 Bd7 13. O-O-O g4 14. Ng5
Rxh1 15. Rxh1 Ke8 16. f3 gxf3 17. gxf3 Na6 18. Nd5 Nxd5 19. cxd5 c5 20. dxc6
Rc8 21. Rh7 Rxc6+ 22. Kd2 Bf6 23. Nf7 e4 24. Nd6+ Kd8 25. Nxb7+ Kc8 26. Nd6+
Kd8 27. f4 Bc3+ 28. Kd1 Nb4 29. Nf7+ Kc7 30. Bb5 Rc5 31. Bc4 a5 32. Ne5 Bxe5
33. fxe5 Rxe5 34. Bb2 Re8 35. Bf7 Rd8 36. Bf6 Rf8 37. Be7 Rxf7 38. Rxf7 Nxa2
39. Rf8 Nb4 40. Bd8+ Kc6 41. Bxa5 Nd3 42. Kd2 Kb5 43. Bc3 Kb6 44. Bd4+ Kc6 45.
Kc3 Nc1 46. Kb4 Be6 47. Rb8 f4 48. exf4 Nd3+ 49. Ka5 Nxf4 50. b4 Kd5 51. Rd8+
Kc4 52. b5 Nd5 53. b6 Nb4 54. b7 Nc6+ 55. Kb6 Nxd8 56. b8=Q Kxd4 57. Qxd8+ Bd5
58. Qd6 e3 59. Qc5+ Ke4 60. Qb4+ Kf3 61. Kc5 Be4 62. Qe1 e2 63. Kd4 Bc2 64.
Qc3+ 1-0

[Event "Eastman Gent Open 2018"]
[Site "KGSRL Gent"]
[Date "2018.07.17"]
[Round "7.2"]
[White "Michiels, Bart"]
[Black "Sarrau, Jelle"]
[Result "1/2-1/2"]
[WhiteElo "2554"]
[BlackElo "2366"]
[PlyCount "151"]
[EventDate "2018.??.??"]

1. c4 Nf6 2. d4 e6 3. Nc3 d5 4. cxd5 exd5 5. Bg5 c6 6. e3 Be7 7. Qc2 Nbd7 8.
Bd3 h6 9. Bh4 Nh5 10. Bxe7 Qxe7 11. Nge2 Nb6 12. O-O O-O 13. Rae1 Be6 14. Nc1
Rad8 15. Nb3 Rfe8 16. Nc5 Bc8 17. b4 Nc4 18. Qe2 Qg5 19. f4 Qh4 20. Qf2 Qxf2+
21. Kxf2 Nf6 22. h3 Nd6 23. Kf3 Re7 24. g4 Rde8 25. Nd1 g6 26. Nf2 Kg7 27. Re2
h5 28. Rfe1 hxg4+ 29. hxg4 Rh8 30. Rg1 Rh2 31. Ree1 b6 32. Nb3 Nde4 33. Bxe4
Nxe4 34. Nxe4 dxe4+ 35. Kg3 Rxa2 36. Ra1 Re2 37. Rge1 Rxe1 38. Rxe1 Be6 39. Nd2
f5 40. Ra1 fxg4 41. Ra3 Bd5 42. Kxg4 Kf6 43. Nb1 Be6+ 44. Kg3 Kf5 45. Nc3 Bc4
46. Ra1 Rg7 47. Nd1 g5 48. fxg5 Rxg5+ 49. Kf2 Rg7 50. Nc3 Rh7 51. Kg3 Bd3 52.
Ra4 Rg7+ 53. Kf2 Kg4 54. d5 Rf7+ 55. Kg2 cxd5 56. Nxd5 Bf1+ 57. Kg1 Bb5 58. Ra2
Rf1+ 59. Kg2 Rf7 60. Rf2 Rxf2+ 61. Kxf2 a5 62. bxa5 bxa5 63. Nc3 Bd3 64. Ke1
Kf3 65. Kd2 Kf2 66. Kc1 Kxe3 67. Kb2 Kd2 68. Nxe4+ Bxe4 69. Ka1 Bd5 70. Kb2 Be6
71. Ka1 Bf7 72. Kb2 Be6 73. Ka1 Bg8 74. Kb2 Bd5 75. Ka1 Be6 76. Kb2 1/2-1/2

[Event "Eastman Gent Open 2018"]
[Site "KGSRL Gent"]
[Date "2018.07.17"]
[Round "7.3"]
[White "Froeyman, Helmut"]
[Black "Epishin, Vladimir"]
[Result "0-1"]
[WhiteElo "2290"]
[BlackElo "2541"]
[PlyCount "84"]
[EventDate "2018.??.??"]

1. e4 c6 2. d4 d5 3. Nc3 a6 4. Nf3 Bg4 5. h3 Bh5 6. exd5 cxd5 7. g4 Bg6 8. Ne5
e6 9. h4 f6 10. h5 Bxc2 11. Qxc2 fxe5 12. dxe5 Nc6 13. Bd3 Nb4 14. Qe2 Nxd3+
15. Qxd3 Rc8 16. a3 Qc7 17. Bf4 Nh6 18. Bxh6 gxh6 19. O-O-O Qc4 20. f3 Bxa3 21.
Kb1 Qb3 22. Rd2 Bb4 23. Ne2 Qxd3+ 24. Rxd3 Rg8 25. Rg1 Ke7 26. f4 Rc4 27. Rg2
Bc5 28. b3 Re4 29. Rf3 Rf8 30. Kc2 Rxe5 31. fxe5 Rxf3 32. g5 Rf2 33. g6 hxg6
34. Rxf2 Bxf2 35. hxg6 h5 36. Nf4 Bg3 37. Nxh5 Bxe5 38. Kd3 a5 39. Kc2 b5 40.
Kd3 a4 41. bxa4 bxa4 42. Kc2 d4 0-1

[Event "Eastman Gent Open 2018"]
[Site "KGSRL Gent"]
[Date "2018.07.17"]
[Round "7.4"]
[White "Kett, Tim"]
[Black "Venkataraman, Karthik"]
[Result "1-0"]
[WhiteElo "2231"]
[BlackElo "2514"]
[PlyCount "113"]
[EventDate "2018.??.??"]

1. e4 c5 2. Nf3 d6 3. d4 Nf6 4. Nc3 cxd4 5. Nxd4 a6 6. Bg5 e6 7. f4 h6 8. Bxf6
Qxf6 9. Qd2 Nc6 10. Nxc6 bxc6 11. O-O-O d5 12. exd5 cxd5 13. Nxd5 Qd8 14. Qe3
Rb8 15. Qe5 Bd6 16. Qxg7 Rf8 17. Nf6+ Ke7 18. Bc4 Bxf4+ 19. Kb1 Rxb2+ 20. Kxb2
Qb6+ 21. Bb3 Be5+ 22. Kb1 Bxf6 23. Qxh6 Qc5 24. Rhf1 Be5 25. Qh4+ f6 26. Rfe1
Bc3 27. Qh7+ Rf7 28. Qd3 Kf8 29. Qd8+ Kg7 30. Re4 Qa3 31. Rg4+ Kh6 32. Rg6+ Kh5
33. g4+ Kxg6 34. Qd3+ Kh6 35. Qxc3 Qf8 36. h4 Kg6 37. Qd3+ Kg7 38. g5 Rd7 39.
gxf6+ Kh8 40. Qf3 Rxd1+ 41. Qxd1 Qxf6 42. Qd6 Qc3 43. h5 a5 44. Qf8+ Kh7 45.
Qf7+ Kh8 46. a4 Qg7 47. Qe8+ Qg8 48. Qxg8+ Kxg8 49. Kb2 Bd7 50. Kc3 Kg7 51. Kd4
Kh6 52. Ke5 Kxh5 53. Kd6 Be8 54. c4 e5 55. Kxe5 Bf7 56. Bd1+ Kg5 57. c5 1-0

[Event "Eastman Gent Open 2018"]
[Site "KGSRL Gent"]
[Date "2018.07.17"]
[Round "7.5"]
[White "Docx, Stefan"]
[Black "Hamblok, Roel"]
[Result "1/2-1/2"]
[WhiteElo "2450"]
[BlackElo "2286"]
[PlyCount "73"]
[EventDate "2018.??.??"]

1. Nf3 Nf6 2. c4 e6 3. Nc3 d5 4. d4 Be7 5. Bf4 O-O 6. e3 b6 7. cxd5 Nxd5 8.
Nxd5 exd5 9. a3 c5 10. Be2 Nc6 11. O-O Be6 12. Bb5 Qc8 13. dxc5 bxc5 14. Qa4
Bd7 15. Qa6 Nb8 16. Qxc8 Rxc8 17. Be2 a6 18. Rfd1 Be6 19. Rac1 Nd7 20. Ne5 Nb6
21. h3 h6 22. Bg3 c4 23. Nf3 Na4 24. Be5 f6 25. Bc3 Rab8 26. Nd4 Bf7 27. Bg4
Rc7 28. Ne6 Rcb7 29. Nf4 Nxb2 30. Bxb2 Rxb2 31. Nxd5 Bxa3 32. Rxc4 Rb1 33. Rcd4
Bc5 34. R4d2 a5 35. Rxb1 Rxb1+ 36. Kh2 Rb8 37. Bd1 1/2-1/2

[Event "Eastman Gent Open 2018"]
[Site "KGSRL Gent"]
[Date "2018.07.17"]
[Round "7.6"]
[White "Arman, Deniz"]
[Black "Clemens, Adrian"]
[Result "1-0"]
[WhiteElo "2366"]
[BlackElo "2185"]
[PlyCount "47"]
[EventDate "2018.??.??"]

1. e4 c5 2. Nf3 d6 3. d4 cxd4 4. Nxd4 Nf6 5. Nc3 a6 6. Bg5 Nbd7 7. Qe2 e6 8.
O-O-O Qc7 9. f4 Be7 10. g4 b5 11. a3 h6 12. Bh4 Rb8 13. Bg3 Nc5 14. Bg2 b4 15.
axb4 Rxb4 16. e5 dxe5 17. Nc6 exf4 18. Nxb4 fxg3 19. Nc6 Bd6 20. hxg3 O-O 21.
g5 hxg5 22. b4 Nb7 23. Qe3 Bxg3 24. Qxg3 1-0

[Event "Eastman Gent Open 2018"]
[Site "KGSRL Gent"]
[Date "2018.07.17"]
[Round "7.7"]
[White "Vandelacluze, Ian"]
[Black "Abolianin, Arthur"]
[Result "0-1"]
[WhiteElo "2174"]
[BlackElo "2327"]
[PlyCount "74"]
[EventDate "2018.??.??"]

1. e4 g6 2. d4 Nf6 3. e5 Nh5 4. Be2 d6 5. Nf3 Nc6 6. h3 Ng7 7. exd6 exd6 8. Bh6
Nf5 9. Bxf8 Kxf8 10. Nc3 Nh4 11. Qd2 Kg7 12. Nxh4 Qxh4 13. Nb5 Re8 14. O-O-O
Qxf2 15. Bf3 Qxd2+ 16. Kxd2 Re7 17. Rhe1 Rd7 18. Re8 a6 19. Bxc6 bxc6 20. Na7
Bb7 21. Rxa8 Bxa8 22. c4 Re7 23. Rc1 Re8 24. Rc3 Rb8 25. Kc2 Rb4 26. a3 Rb8 27.
g3 a5 28. c5 d5 29. b4 a4 30. Re3 Kf8 31. Kc3 Re8 32. Kd2 f5 33. Rxe8+ Kxe8 34.
h4 Ke7 35. Ke3 Kf6 36. b5 Bb7 37. Kf3 h6 0-1

[Event "Eastman Gent Open 2018"]
[Site "KGSRL Gent"]
[Date "2018.07.17"]
[Round "7.8"]
[White "James, David J"]
[Black "Zhurov, Sergey"]
[Result "1/2-1/2"]
[WhiteElo "2122"]
[BlackElo "2312"]
[PlyCount "49"]
[EventDate "2018.??.??"]

1. d4 Nf6 2. Nf3 g6 3. g3 Bg7 4. Bg2 O-O 5. O-O d6 6. c4 Nc6 7. Nc3 a6 8. h3
Bd7 9. e4 e5 10. Be3 Re8 11. Rb1 b5 12. cxb5 axb5 13. a3 exd4 14. Nxd4 Nxd4 15.
Bxd4 c5 16. Be3 b4 17. axb4 cxb4 18. Nd5 Nxd5 19. Qxd5 Be6 20. Qd2 b3 21. Bd4
Be5 22. f4 Qa5 23. Rfd1 Bxd4+ 24. Qxd4 Rad8 25. Rbc1 1/2-1/2

[Event "Eastman Gent Open 2018"]
[Site "KGSRL Gent"]
[Date "2018.07.17"]
[Round "7.9"]
[White "Lammens, Tim"]
[Black "Lacrosse, Marc"]
[Result "1/2-1/2"]
[WhiteElo "2293"]
[BlackElo "2129"]
[PlyCount "81"]
[EventDate "2018.??.??"]

1. Nf3 d5 2. g3 Nf6 3. Bg2 e6 4. b3 Be7 5. c4 O-O 6. Bb2 c5 7. cxd5 exd5 8. O-O
Nc6 9. d4 Bg4 10. dxc5 Bxc5 11. Nc3 Re8 12. Rc1 Be7 13. h3 Bh5 14. e3 Qa5 15.
a3 Rad8 16. b4 Qb6 17. g4 Bg6 18. Re1 a6 19. Qb3 Bd3 20. Ne2 Be4 21. Nfd4 Nxd4
22. Bxd4 Qd6 23. f3 Bg6 24. Qb2 Nd7 25. Bxg7 Bh4 26. Bh6 Qe5 27. Qxe5 Nxe5 28.
Red1 Nc4 29. Rc3 Bf6 30. Nd4 Nb2 31. Rdc1 Nd3 32. Rd1 Nb2 33. Rd2 Nc4 34. Rd1
Nb2 35. Rf1 Nc4 36. Kf2 Rd7 37. Rd1 Nb2 38. Rd2 Nc4 39. Rd1 Nb2 40. Rd2 Nc4 41.
Rd1 1/2-1/2

[Event "Eastman Gent Open 2018"]
[Site "KGSRL Gent"]
[Date "2018.07.17"]
[Round "7.10"]
[White "Foisor, Sabina"]
[Black "Vinke, Maarten"]
[Result "1-0"]
[WhiteElo "2285"]
[BlackElo "2138"]
[PlyCount "115"]
[EventDate "2018.??.??"]

1. d4 d5 2. c4 c6 3. Nf3 Nf6 4. Nbd2 a6 5. Qc2 b5 6. cxd5 cxd5 7. Nb3 Bg4 8.
Bd2 Qc8 9. Qxc8+ Bxc8 10. Rc1 Nbd7 11. Ba5 e6 12. e3 Bd6 13. Bd3 O-O 14. O-O e5
15. Bf5 e4 16. Nfd2 g6 17. Bh3 Bb7 18. Bc7 Bxc7 19. Rxc7 Bc8 20. Rc6 Rd8 21.
Na5 Kf8 22. Rfc1 Ne8 23. Ndb3 f5 24. g4 Ndf6 25. g5 Nd7 26. Bf1 Rb8 27. h4 Nb6
28. R6c2 Bd7 29. Nc5 Ra8 30. b3 Ke7 31. Be2 Nd6 32. Kg2 Rdc8 33. f4 Be6 34. h5
Nd7 35. hxg6 hxg6 36. Rh1 Bf7 37. Rcc1 Nxc5 38. dxc5 Ne8 39. b4 Nc7 40. Nc6+
Ke6 41. Rh7 Rh8 42. Rch1 Rxh7 43. Rxh7 Rf8 44. Bd1 Kd7 45. Ne5+ Ke8 46. Bb3 Ne6
47. Nxf7 Rxf7 48. Rxf7 Kxf7 49. Bxd5 Ke7 50. Bxe6 Kxe6 51. Kf2 Kd5 52. Ke2 a5
53. a3 a4 54. Kd2 Kc6 55. Kc2 Kd7 56. Kc3 Ke7 57. Kd4 Ke6 58. c6 1-0

[Event "Eastman Gent Open 2018"]
[Site "KGSRL Gent"]
[Date "2018.07.17"]
[Round "7.12"]
[White "Becx, Cesar"]
[Black "Hunhdorf, Arnold"]
[Result "1/2-1/2"]
[WhiteElo "2107"]
[BlackElo "2234"]
[PlyCount "32"]
[EventDate "2018.??.??"]

1. f4 c5 2. Nf3 Nc6 3. g3 g6 4. Bg2 Bg7 5. O-O e6 6. d3 Nge7 7. e4 d6 8. Nc3
O-O 9. Be3 b6 10. d4 Ba6 11. Re1 Rc8 12. a4 cxd4 13. Nxd4 Nxd4 14. Bxd4 e5 15.
fxe5 dxe5 16. Be3 Qxd1 1/2-1/2

[Event "Eastman Gent Open 2018"]
[Site "KGSRL Gent"]
[Date "2018.07.17"]
[Round "7.13"]
[White "Verheyen, Olivier"]
[Black "Van Mechelen, Jan"]
[Result "1/2-1/2"]
[WhiteElo "2012"]
[BlackElo "2257"]
[PlyCount "59"]
[EventDate "2018.??.??"]

1. e4 e6 2. d3 d5 3. Qe2 Nf6 4. Nf3 c5 5. g3 Nc6 6. Bg2 Be7 7. O-O O-O 8. e5
Nd7 9. c4 Rb8 10. h4 b5 11. b3 bxc4 12. bxc4 Nb6 13. Nc3 dxc4 14. dxc4 Ba6 15.
Rd1 Qc8 16. Qe4 Nxc4 17. Bf1 Nb2 18. Bxa6 Qxa6 19. Rd7 Rb4 20. Qc2 Na4 21. Nxa4
Qxa4 22. Qxa4 Rxa4 23. Rc7 Ra6 24. Be3 Rb8 25. Rc1 Bd8 26. Rd7 Rxa2 27. Bxc5
Rab2 28. Kg2 Bb6 29. Bxb6 R2xb6 30. Rc7 1/2-1/2

[Event "Eastman Gent Open 2018"]
[Site "KGSRL Gent"]
[Date "2018.07.18"]
[Round "9.1"]
[White "Moradiabadi, Elshan"]
[Black "Michiels, Bart"]
[Result "1/2-1/2"]
[WhiteElo "2538"]
[BlackElo "2554"]
[PlyCount "74"]
[EventDate "2018.??.??"]

1. d4 e6 2. c4 d5 3. Nc3 Be7 4. cxd5 exd5 5. Bf4 Nf6 6. e3 Bf5 7. Nge2 c6 8.
Ng3 Bg6 9. Bd3 Bd6 10. Bxd6 Qxd6 11. Nf5 Bxf5 12. Bxf5 Nbd7 13. Qf3 O-O 14. O-O
Nb6 15. Bd3 Rae8 16. Rab1 Qe7 17. b4 Ne4 18. Bxe4 dxe4 19. Qf5 g6 20. Qc5 f5
21. g3 g5 22. Qxe7 Rxe7 23. b5 f4 24. bxc6 bxc6 25. Rb4 Rf5 26. Re1 f3 27. Rc1
Ra5 28. Rb2 Re6 29. Nb1 g4 30. Nd2 h5 31. Nb3 Ra3 32. Rc5 Nd5 33. h4 gxh3 34.
Kh2 Rf6 35. Nd2 Re6 36. Nb3 Rf6 37. Nd2 Re6 1/2-1/2

[Event "Eastman Gent Open 2018"]
[Site "KGSRL Gent"]
[Date "2018.07.18"]
[Round "9.2"]
[White "Docx, Stefan"]
[Black "Epishin, Vladimir"]
[Result "1/2-1/2"]
[WhiteElo "2450"]
[BlackElo "2541"]
[PlyCount "36"]
[EventDate "2018.??.??"]

1. d4 Nf6 2. c4 e6 3. Nc3 Bb4 4. Qc2 d6 5. Bg5 Nbd7 6. e3 O-O 7. Bd3 h6 8. Bh4
c5 9. Nge2 cxd4 10. exd4 b6 11. O-O Bb7 12. Na4 d5 13. cxd5 Bxd5 14. Rac1 Rc8
15. Nac3 Bxc3 16. Nxc3 Bc4 17. Bg3 a5 18. a3 Re8 1/2-1/2

[Event "Eastman Gent Open 2018"]
[Site "KGSRL Gent"]
[Date "2018.07.18"]
[Round "9.3"]
[White "Malakhatko, Vadim"]
[Black "Sarrau, Jelle"]
[Result "1/2-1/2"]
[WhiteElo "2499"]
[BlackElo "2366"]
[PlyCount "94"]
[EventDate "2018.??.??"]

1. c4 Nf6 2. d4 e6 3. Nf3 d5 4. g3 dxc4 5. Bg2 a6 6. O-O Nc6 7. e3 Rb8 8. Qe2
b5 9. a4 Be7 10. axb5 axb5 11. b3 cxb3 12. Nbd2 O-O 13. Nxb3 Bb7 14. Bb2 Nb4
15. Rfc1 Bd5 16. Nfd2 Bxg2 17. Kxg2 Rb6 18. e4 Nd7 19. Ra5 Qb8 20. Ba3 Nc6 21.
Rxc6 b4 22. Bxb4 Bxb4 23. Ra6 Bxd2 24. Nxd2 Rb2 25. Ra3 Nf6 26. Rd3 h6 27. Qf3
Qb7 28. Rc1 Ra8 29. Nc4 Rb1 30. Rxb1 Qxb1 31. Nd2 Qb4 32. Qe3 Ra2 33. h3 Qa5
34. Nb3 Qb6 35. Nc5 Qb2 36. Rb3 Qc2 37. Rc3 Qb1 38. Qc1 Qb5 39. Rc2 Ra8 40. Rb2
Qc6 41. Qf4 Rd8 42. Qe3 Ra8 43. Qf3 Rd8 44. Qe3 Ra8 45. Kh2 Nd7 46. Nxd7 Qxd7
47. Rc2 Ra4 1/2-1/2

[Event "Eastman Gent Open 2018"]
[Site "KGSRL Gent"]
[Date "2018.07.18"]
[Round "9.4"]
[White "Arman, Deniz"]
[Black "Hunhdorf, Arnold"]
[Result "1-0"]
[WhiteElo "2366"]
[BlackElo "2234"]
[PlyCount "71"]
[EventDate "2018.??.??"]

1. e4 c5 2. Nf3 g6 3. d4 cxd4 4. c3 d3 5. Bxd3 Bg7 6. c4 d6 7. h3 Nf6 8. Nc3
Nfd7 9. Be3 Bxc3+ 10. bxc3 Ne5 11. Nxe5 dxe5 12. c5 Qc7 13. Bc4 Nd7 14. Qf3 f6
15. Bh6 Qxc5 16. Bb3 e6 17. Bxe6 Qe7 18. Bd5 Nc5 19. O-O Be6 20. Rfd1 Kf7 21.
Be3 Rac8 22. Bxe6+ Qxe6 23. Rd5 b6 24. Rad1 Rc7 25. Rd6 Qe7 26. Bg5 Nxe4 27.
Qxe4 fxg5 28. Qg4 h5 29. Qa4 Qe8 30. Rd7+ Rxd7 31. Rxd7+ Ke6 32. Qc6+ Kf5 33.
Qf3+ Ke6 34. Qd5+ Kf6 35. g4 hxg4 36. hxg4 1-0

[Event "Eastman Gent Open 2018"]
[Site "KGSRL Gent"]
[Date "2018.07.18"]
[Round "9.5"]
[White "Foisor, Sabina"]
[Black "Zhurov, Sergey"]
[Result "1/2-1/2"]
[WhiteElo "2285"]
[BlackElo "2312"]
[PlyCount "115"]
[EventDate "2018.??.??"]

1. d4 Nf6 2. Nf3 g6 3. c4 Bg7 4. Nc3 O-O 5. g3 d6 6. Bg2 Nc6 7. O-O a6 8. Bf4
h6 9. d5 e5 10. dxc6 exf4 11. Nd4 b5 12. cxb5 fxg3 13. hxg3 axb5 14. Ncxb5 Ng4
15. a4 h5 16. Ra3 Re8 17. e4 Bh6 18. b4 Rb8 19. Rb3 Ra8 20. Ra3 Re5 21. f4 Re8
22. Bf3 Nf6 23. Re1 Rb8 24. Rb3 Ra8 25. Nc3 h4 26. e5 dxe5 27. Ndb5 Qe7 28.
Rxe5 Be6 29. Nd5 Nxd5 30. Bxd5 hxg3 31. Rxg3 Qh4 32. Qe1 Kf8 33. Bxe6 Bxf4 34.
Rh3 Qf6 35. Re4 Rxe6 36. Rxe6 fxe6 37. Qc3 Qg5+ 38. Kh1 Be5 39. Qe3 Qg4 40. a5
Kg8 41. Qf3 Qxb4 42. Qd3 Qg4 43. Na3 Bf6 44. Rg3 Qh4+ 45. Kg2 Rd8 46. Qxg6+ Kf8
47. Nc4 Ke7 48. Rh3 Qxc4 49. Rh7+ Kd6 50. Qxf6 Qxc6+ 51. Kf2 Qc5+ 52. Ke2 Qe5+
53. Qxe5+ Kxe5 54. Rxc7 Rd5 55. a6 Ra5 56. a7 Ke4 57. Rc4+ Kd5 58. Rc7 1/2-1/2

[Event "Eastman Gent Open 2018"]
[Site "KGSRL Gent"]
[Date "2018.07.18"]
[Round "9.6"]
[White "Froeyman, Helmut"]
[Black "Dauw, Sterre"]
[Result "1/2-1/2"]
[WhiteElo "2290"]
[BlackElo "2192"]
[PlyCount "117"]
[EventDate "2018.??.??"]

1. e4 c5 2. Nf3 d6 3. d4 cxd4 4. Nxd4 Nf6 5. Nc3 a6 6. Be2 e5 7. Nb3 Be7 8. O-O
O-O 9. Be3 Be6 10. Nd5 Bxd5 11. exd5 Nbd7 12. c4 Rc8 13. g3 Ne8 14. Qd2 b6 15.
Rae1 a5 16. Na1 g6 17. b3 Ng7 18. Bg4 f5 19. Bd1 Ne8 20. f3 Ng7 21. Nc2 f4 22.
gxf4 Nf5 23. Bf2 exf4 24. Qxf4 Bg5 25. Qg4 Ne5 26. Qe4 Bd2 27. Re2 Ng7 28. Be3
Bxe3+ 29. Qxe3 Nh5 30. Nd4 Nf4 31. Rd2 Qg5+ 32. Kh1 Rce8 33. Rg1 Qh4 34. Ne6
Nxe6 35. dxe6 Rxe6 36. Qxb6 Nxf3 37. Bxf3 Rxf3 38. Qc6 Qe4 39. Qxe4 Rxe4 40.
Rg3 Rf1+ 41. Kg2 Rfe1 42. Rgd3 R1e2+ 43. Kf3 R4e3+ 44. Rxe3 Rxd2 45. Re2 Rxe2
46. Kxe2 Kf7 47. a3 Ke6 48. b4 axb4 49. axb4 d5 50. cxd5+ Kxd5 51. Ke3 Kc4 52.
Kf4 Kxb4 53. Kg5 Kc5 54. Kh6 Kd6 55. Kxh7 g5 56. Kg6 g4 57. Kg5 Ke7 58. Kxg4
Kf7 59. Kg5 1/2-1/2

[Event "Eastman Gent Open 2018"]
[Site "KGSRL Gent"]
[Date "2018.07.18"]
[Round "9.7"]
[White "Middelhoven, Hein"]
[Black "Kett, Tim"]
[Result "0-1"]
[WhiteElo "2212"]
[BlackElo "2231"]
[PlyCount "104"]
[EventDate "2018.??.??"]

1. e4 e5 2. Nf3 Nc6 3. d4 exd4 4. Nxd4 Nf6 5. Nxc6 bxc6 6. Bd3 d5 7. Nc3 Bb4 8.
exd5 cxd5 9. O-O O-O 10. h3 c6 11. Qf3 Bd6 12. Bg5 Rb8 13. Rab1 Re8 14. Ne2 Be5
15. c3 Qd6 16. Ng3 h6 17. Be3 c5 18. Nf5 Bxf5 19. Qxf5 Rb6 20. Rfd1 a5 21. a4
g6 22. Qf3 Kg7 23. Bb5 Rd8 24. Rd3 Rbb8 25. Rbd1 Qc7 26. Bc1 Rb6 27. Re1 Re6
28. Kf1 Ne4 29. Qd1 Bf4 30. g3 Bxc1 31. Qxc1 Rf6 32. f4 c4 33. Rf3 Ng5 34. Rfe3
Qc8 35. Kg1 Nxh3+ 36. Kg2 Qg4 37. Rf3 g5 38. Qe3 Nxf4+ 39. Kg1 Re6 40. Qd4+ Kg6
41. Rxe6+ fxe6 42. Kf2 Nh3+ 43. Kg2 Qxd4 44. cxd4 g4 45. Re3 Ng5 46. b3 cxb3
47. Rxb3 Rc8 48. Bd3+ Kf6 49. Kf2 Rc1 50. Rb5 Rd1 51. Ke2 Rg1 52. Rxa5 Rg2+ 0-1

[Event "Eastman Gent Open 2018"]
[Site "KGSRL Gent"]
[Date "2018.07.18"]
[Round "9.10"]
[White "Quillan, Gary"]
[Black "van der Linden, Hans"]
[Result "1-0"]
[WhiteElo "2349"]
[BlackElo "2117"]
[PlyCount "143"]
[EventDate "2018.??.??"]

1. e4 c5 2. Nf3 Nc6 3. Bb5 Nf6 4. Nc3 e5 5. Bxc6 dxc6 6. Nxe5 Nxe4 7. Qh5 Nd6
8. O-O Be7 9. Ne4 O-O 10. Nxc5 g6 11. Qf3 Nf5 12. Nb3 Be6 13. d3 a5 14. c3 Nh4
15. Qe2 Bd5 16. f3 a4 17. Nd2 Bd6 18. Ng4 h5 19. Ne3 Re8 20. Ne4 Nf5 21. Qf2
Nxe3 22. Bxe3 Be7 23. Rae1 Bxa2 24. Bd4 Be6 25. Qg3 Ra5 26. Qf4 g5 27. Qe3 Rd5
28. Bb6 Qb8 29. c4 Rf5 30. Ng3 Rf4 31. Nxh5 Rh4 32. Ng3 Qf4 33. Re2 Bd6 34.
Rfe1 Ra8 35. Qxf4 Bxf4 36. Ra1 Kg7 37. Be3 Rd8 38. Ra3 b5 39. cxb5 cxb5 40.
Bxf4 gxf4 41. Ne4 Rh5 42. Rc3 b4 43. Rc5 Rhd5 44. Rc1 Rxd3 45. Nc5 Rd1+ 46. Re1
Rxe1+ 47. Rxe1 Rd2 48. Nxa4 Bb3 49. Nc5 Rxb2 50. Nd3 Rd2 51. Nxb4 Rd4 52. Nc6
Rd6 53. Ne5 f6 54. Ng4 Rd2 55. h4 Kg6 56. Re8 Bc4 57. Rf8 Rd6 58. h5+ Kxh5 59.
Nxf6+ Kg6 60. Ne4 Rd1+ 61. Kh2 Bf7 62. Rb8 Rd5 63. Rb6+ Kg7 64. Nf2 Rd2 65. Nh3
Bd5 66. Rd6 Rd1 67. Nxf4 Bxf3 68. Rg6+ Kf7 69. gxf3 Rd4 70. Rg4 Rd1 71. Kg3 Kf6
72. Ng2 1-0

[Event "Eastman Gent Open 2018"]
[Site "KGSRL Gent"]
[Date "2018.07.18"]
[Round "9.11"]
[White "Mitran, Anthony"]
[Black "Hamblok, Roel"]
[Result "0-1"]
[WhiteElo "2096"]
[BlackElo "2286"]
[PlyCount "60"]
[EventDate "2018.??.??"]

1. Nf3 d5 2. e3 Nf6 3. c4 e6 4. b3 Nbd7 5. Bb2 b6 6. Nc3 Bb7 7. d4 a6 8. Be2
Bd6 9. O-O O-O 10. cxd5 exd5 11. Bd3 Ne4 12. Ne2 Qe7 13. Rc1 f5 14. Qc2 Rac8
15. Ng3 g5 16. Rfe1 g4 17. Nd2 h5 18. Ndxe4 fxe4 19. Bf1 Qg5 20. Be2 Rf7 21.
Bd1 Rcf8 22. Nf1 Qh4 23. Ng3 Rxf2 24. Qxf2 Rxf2 25. Kxf2 Qxh2 26. Ne2 Qh4+ 27.
Kf1 Qh1+ 28. Ng1 Bh2 29. Kf2 g3+ 30. Ke2 Qxg2# 0-1

[Event "Eastman Gent Open 2018"]
[Site "KGSRL Gent"]
[Date "2018.07.18"]
[Round "9.12"]
[White "Maddens, Martijn"]
[Black "Bottema, Martin"]
[Result "1/2-1/2"]
[WhiteElo "2153"]
[BlackElo "2111"]
[PlyCount "267"]
[EventDate "2018.??.??"]

1. e4 e6 2. d4 d5 3. Bd3 c5 4. exd5 exd5 5. Nf3 Nf6 6. O-O c4 7. Re1+ Be7 8.
Bf1 O-O 9. b3 cxb3 10. axb3 Nc6 11. Ne5 Nxe5 12. dxe5 Ne4 13. Nd2 Bf5 14. Qf3
Qd7 15. Nxe4 Bxe4 16. Rxe4 dxe4 17. Qxe4 Qc6 18. Bd3 Qxe4 19. Bxe4 Bc5 20. Bxb7
Rad8 21. Bf4 Bd4 22. Re1 Bc3 23. Rf1 Rfe8 24. Bg5 Rb8 25. Bc6 Re6 26. Bd5 Ra6
27. f4 h6 28. Be7 Re8 29. Bd6 Rd8 30. Rf3 Bd4+ 31. Kf1 Raxd6 32. exd6 Rxd6 33.
c4 Bc5 34. Ke2 Ra6 35. Rd3 Ra2+ 36. Kf3 Rb2 37. Bc6 f5 38. Ba4 g6 39. Rd5 Bb4
40. Rd8+ Kf7 41. Rd7+ Kf6 42. Rxa7 Rc2 43. Ra6+ Kg7 44. h3 g5 45. fxg5 hxg5 46.
Re6 Bc5 47. Rc6 Rf2+ 48. Kg3 Be3 49. Rc7+ Kf6 50. Bc6 Rb2 51. Rb7 Bc5 52. Rb5
Bd6+ 53. Kf3 Rc2 54. Bd5 Bf4 55. c5 Ke5 56. Bc4 g4+ 57. hxg4 fxg4+ 58. Kxg4
Rxg2+ 59. Kf3 Rg3+ 60. Kf2 Rh3 61. Rb7 Rh2+ 62. Kf3 Rh3+ 63. Ke2 Kd4 64. c6 Rh6
65. Bb5 Kc5 66. Ba4 Rh8 67. b4+ Kc4 68. b5 Kb4 69. Bc2 Kc5 70. Be4 Rh6 71. Bd3
Rh8 72. Kf3 Bd6 73. Ke4 Rh4+ 74. Kf5 Rh8 75. Kg6 Rg8+ 76. Kf7 Rb8 77. Rd7 Rc8
78. Bf5 Rc7 79. Ke6 Bg3 80. Rd3 Kxb5 81. Rxg3 Rxc6+ 82. Ke5 Rc5+ 83. Kf6 Kc4
84. Be6+ Kd4 85. Rg4+ Ke3 86. Bf5 Rc6+ 87. Kg5 Rc5 88. Rb4 Ra5 89. Re4+ Kf3 90.
Rh4 Ke3 91. Re4+ Kf3 92. Rd4 Ra3 93. Rh4 Ra5 94. Rh3+ Kg2 95. Re3 Kf2 96. Rc3
Ra4 97. Be6 Ke2 98. Kf5 Kd2 99. Rh3 Ra6 100. Bd5 Rd6 101. Ke5 Rd8 102. Kd4 Rd7
103. Rh2+ Ke1 104. Ke3 Kd1 105. Be4 Kc1 106. Rc2+ Kd1 107. Rc5 Re7 108. Rb5 Rc7
109. Rb1+ Rc1 110. Rb3 Rc7 111. Rb1+ Rc1 112. Rb2 Rc7 113. Bd3 Re7+ 114. Kd4
Rd7+ 115. Kc3 Rc7+ 116. Bc4 Ke1 117. Re2+ Kd1 118. Rf2 Re7 119. Rf1+ Re1 120.
Rf7 Re8 121. Bb5 Rc8+ 122. Kd3 Rd8+ 123. Ke3 Kc2 124. Rc7+ Kb3 125. Bd3 Kb4
126. Kd2 Rd6 127. Rc1 Rd8 128. Rc4+ Kb3 129. Rc1 Kb4 130. Rc4+ Kb3 131. Rc5 Rd4
132. Rb5+ Rb4 133. Bc2+ Kc4 134. Bd3+ 1/2-1/2

[Event "Eastman Gent Open 2018"]
[Site "?"]
[Date "2018.07.14"]
[Round "1"]
[White "Huhndorf, Arnold"]
[Black "Mitran, Marie"]
[Result "1-0"]
[WhiteElo "2250"]
[BlackElo "1768"]
[PlyCount "53"]
[EventDate "2018.07.14"]
[SourceDate "2018.07.14"]

1. d4 d5 2. c4 e6 3. Nf3 Nf6 4. g3 c5 5. cxd5 Qxd5 6. Nc3 Qd8 7. Bg2 Nc6 8. e3
cxd4 9. exd4 g6 10. O-O Bg7 11. Ne5 Nxe5 12. dxe5 Nd7 13. Ne4 O-O 14. Bg5 Qc7
15. f4 f6 16. exf6 Nxf6 17. Nxf6+ Bxf6 18. Bxf6 Rxf6 19. Qd4 Rf7 20. Rac1 Qd7
21. Rfd1 Qxd4+ 22. Rxd4 Rb8 23. Rd8+ Rf8 24. Rxf8+ Kxf8 25. Rc7 Kg8 26. Bh3 h5
27. Rxc8+ 1-0